Shipping strategy for exports to new markets (Record no. 22105)

MARC details
000 -LEADER
fixed length control field 00287nam a2200109Ia 4500
082 ## - DEWEY DECIMAL CLASSIFICATION NUMBER
Classification number 339.564
Item number TRI
100 ## - MAIN ENTRY--AUTHOR NAME
Personal name TRIVEDI, H M
245 #0 - TITLE STATEMENT
Title Shipping strategy for exports to new markets
260 ## - PUBLICATION, DISTRIBUTION, ETC. (IMPRINT)
Place of publication Bombay
Name of publisher HM Trivedi
Year of publication 1971
942 ## - ADDED ENTRY ELEMENTS (KOHA)
Koha item type Books
Holdings
Withdrawn status Lost status Damaged status Not for loan Home library Current library Date acquired Source of acquisition Full call number Accession Number Koha item type
        RRII Library RRII Library 16/12/2021 Auction 339.564 TRI 02820 Books